| 000 | 00383nam a2200145Ia 4500 | ||
|---|---|---|---|
| 008 | 240830s1901 xx 000 0 und d | ||
| 041 | _aeng | ||
| 082 | _a0 GUN | ||
| 100 | _aGUNE GANGADHAR SHASTRI | ||
| 245 | _aAYURVEDIYA AUSHDHIDHARM SHASTRA PART - 1 | ||
| 260 |
_bSAU.L.P.VAIDYA KHADIVALE, PUNE.30 _c1901 |
||
| 650 | _aRASA-SHASTRA | ||
| 906 | _aN.D. | ||
| 999 |
_c1190322 _d1190322 |
||